000
00296nam a22001337a 4500
008
170817b xxu||||| |||| 00| 0 eng d
020
_a
0134873483
041
_a
eng
080
_2
5TH
_a
51
100
_a
36
101
_a
MAT
245
_a
INTRODUCTORY MATHEMATICS
_c
MESERVE,B.E
942
_2
udc
_c
BK
999
_c
23847
_d
23847